00350nam a2200121Ia 450000500170000000800410001710000170005824501010007525000110017626000170018730000110020465000130021520260328101525.0260328s9999||||xx |||||||||||||| ||und|| aFreely, John 0aStrolling Through Venice :b The definitive walking GuideBook to "La Serenissima" /cJohn Freely a5a ed. bTauris Parke a395 p. aHISTORIA